000 00439nam a2200193Ia 4500
005 20240823050736.0
008 240823s9999||||xx |||||||||||||| ||und||
020 _a978-1-107-65992-6
041 _aENGLISH
082 _A822.33 Q3
100 _aBraunmuller A R
245 0 _aMacbeth
250 _a1st
260 _c2013
_bCambridge University Pres
500 _aYES
650 _aGeneral
_bGeneral
942 _cBK
999 _c217950
_d217950